Dlhová služba štátu: ciele a nástroje

Dlhová služba - jedna z kľúčových úloh štátnych financií. Jej optimalizovanie možno rozdeliť do dvoch úrovní: 1. Ekonomicko-strategická úroveň, 2. Technická úroveň. Vonkajšie a vnútorné ciele dlhovej služby. Technické nástroje dlhovej služby. Metódy na vyhodnotenie a analýzu efektívnosti dlhovej slu...

Description complète

Enregistré dans:
Détails bibliographiques
Auteur principal: Chudý, Lucius
Autres auteurs: Farkaš, Igor
Format: Chapitre de livre
Langue:slovaque
Sujets:
Tags: Ajouter un tag
Pas de tags, Soyez le premier à ajouter un tag!

MARC

LEADER 00000naa a2200000 4500
001 r039052
005 20230929073140.0
041 0 |a slo 
044 |a SK 
245 1 0 |a Dlhová služba štátu: ciele a nástroje  |c Lucius Chudý, Igor Farkaš 
520 |a Dlhová služba - jedna z kľúčových úloh štátnych financií. Jej optimalizovanie možno rozdeliť do dvoch úrovní: 1. Ekonomicko-strategická úroveň, 2. Technická úroveň. Vonkajšie a vnútorné ciele dlhovej služby. Technické nástroje dlhovej služby. Metódy na vyhodnotenie a analýzu efektívnosti dlhovej služby. Metódy na odhad a analýzu miery rizík dlhovej služby. 
610 2 0 |a dlhy štátne 
610 2 0 |a financie štátne 
610 2 0 |a Slovensko 
610 2 0 |a poukážky pokladničné 
610 2 0 |a dlhopisy štátne 
610 2 0 |a emisia 
610 2 0 |a efektívnosť 
610 2 0 |a metódy 
610 2 0 |a riziko 
610 2 0 |a náklady 
100 1 |a Chudý, Lucius 
700 1 |a Farkaš, Igor